000
00279 a2200145 4500
001
177164
020
_a
040
_c
Magnum
100
_a
Lima, Maria Luisa A.
240
1
0
_a
Espaco
_l
por
245
1
0
_a
Espaco
362
0
_a
1899
697
_a
MAGNITO: IJ/GERAL
942
_c
BK
999
_c
177164
_d
177164